000 00779nam a22002657a 4500
003 CHAP
005 20220329141012.0
008 971013s r 00010 d
010 _a61136
011 _a62108
035 _a66282
040 _cCHAP
090 _aR-3809
100 0 0 _aRzedowski Rotter, Jerzy.
_9101052
245 1 _aMaximino Martínez (1888-1964)
500 _aSobretiro de : Taxon 14(6) : 173-178, 1965
590 _aBATCH-UPD
_b10
_c20130110
_lUCH01
_h1841
590 _aBATCH-UPD
_b10
_c20130410
_lUCH01
_h1212
590 _aBATCH-UPD
_b10
_c20130914
_lUCH01
_h0745
590 _aCONVERSION
_b10
_c20130109
_lUCH01
_h1333
650 1 4 _aBotánicos mexicanos.
_914699
901 _aBK
942 _cREIMP
949 _aR-3809
_bBC
_cR
_d33724000640744
_eTS1
_i66282
_si
999 _c61136
_d61136